Islamic modernism : socio- cultural analysis (Record no. 62668)
[ view plain ]
| 000 -LEADER | |
|---|---|
| fixed length control field | 00507nam a22001937a 4500 |
| 003 - CONTROL NUMBER IDENTIFIER | |
| control field | NUST - PNEC |
| 005 - DATE AND TIME OF LATEST TRANSACTION | |
| control field | 20170116180754.0 |
| 008 - FIXED-LENGTH DATA ELEMENTS--GENERAL INFORMATION | |
| fixed length control field | 150331b xxu||||| |||| 00| 0 eng d |
| 020 ## - INTERNATIONAL STANDARD BOOK NUMBER | |
| International Standard Book Number | 9694071143 |
| 040 ## - CATALOGING SOURCE | |
| Transcribing agency | LIBRARY |
| 082 ## - DEWEY DECIMAL CLASSIFICATION NUMBER | |
| Classification number | 306.697 SAY |
| 100 ## - MAIN ENTRY--PERSONAL NAME | |
| 9 (RLIN) | 1938 |
| Personal name | Sayeed S.M.A. |
| 245 ## - TITLE STATEMENT | |
| Title | Islamic modernism : socio- cultural analysis |
| Statement of responsibility, etc. | Sayeed S.M.A. |
| 250 ## - EDITION STATEMENT | |
| Edition statement | - |
| 260 ## - PUBLICATION, DISTRIBUTION, ETC. | |
| Place of publication, distribution, etc. | Pakistan |
| Name of publisher, distributor, etc. | Royal Book Company |
| Date of publication, distribution, etc. | c1990. |
| 300 ## - PHYSICAL DESCRIPTION | |
| Extent | 134 p. : |
| 650 ## - SUBJECT ADDED ENTRY--TOPICAL TERM | |
| 9 (RLIN) | 1944 |
| Topical term or geographic name entry element | Islam |
| General subdivision | General |
| 942 ## - ADDED ENTRY ELEMENTS (KOHA) | |
| Source of classification or shelving scheme | |
| Koha item type | Book |
| Withdrawn status | Lost status | Source of classification or shelving scheme | Damaged status | Not for loan | Permanent Location | Current Location | Shelving location | Date acquired | Source of acquisition | Cost, normal purchase price | Total Checkouts | Full call number | Barcode | Date last seen | Cost, replacement price | Price effective from | Koha item type |
|---|---|---|---|---|---|---|---|---|---|---|---|---|---|---|---|---|---|
| Pakistan Navy Engineering College (PNEC) | Pakistan Navy Engineering College (PNEC) | 09/29/1992 | Royal Book Company | 155.00 | 306.697 SAY | PNECLIB-016658 | 03/31/2015 | 155.00 | 09/29/1992 | Book |
